| 000 -CABECERA |
| Longitud fija campo de control |
00696nam a22002297a 4500 |
| 003 - IDENTIFICADOR DEL NÚMERO DE CONTROL |
| Identificador del número de control |
OSt |
| 005 - FECHA Y HORA DE LA ÚLTIMA TRANSACCIÓN |
| Fecha y hora de la última transacción |
20131125102528.0 |
| 008 - CÓDIGOS DE INFORMACIÓN DE LONGITUD FIJA |
| Códigos de información de longitud fija |
130528s1995 sp ||||| |||| 00| 0 spa d |
| 020 ## - NÚMERO INTERNACIONAL NORMALIZADO PARA LIBROS |
| Número Internacional Normalizado para Libros (ISBN) |
8489607192 |
| 040 ## - FUENTE DE LA CATALOGACIÓN |
| Centro transcriptor |
CDMR |
| 100 1# - PUNTO DE ACCESO PRINCIPAL-NOMBRE DE PERSONA |
| 9 (RLIN) |
2551 |
| Nombre de persona |
Molinero, César |
| 245 10 - MENCIÓN DE TÍTULO |
| Título |
Teoría y fuentes del derecho de la información |
| Mención de responsabilidad, etc. |
César Molinero |
| 250 ## - MENCIÓN DE EDICIÓN |
| Mención de edición |
2a ed. rev. |
| 260 ## - PUBLICACIÓN, DISTRIBUCIÓN, ETC. (PIE DE IMPRENTA) |
| Lugar de publicación, distribución, etc. |
Barcelona |
| Nombre del editor, distribuidor, etc. |
EUB |
| 260 ## - PUBLICACIÓN, DISTRIBUCIÓN, ETC. (PIE DE IMPRENTA) |
| Nombre del editor, distribuidor, etc. |
Escuela Superior de Relaciones Públicas |
| Fecha de publicación, distribución, etc. |
1995 |
| 300 ## - DESCRIPCIÓN FÍSICA |
| Extensión |
238 p. |
| 490 0# - MENCIÓN DE SERIE |
| Mención de serie |
Comunicación y Relaciones Públicas |
| Designación de volumen o secuencia |
6 |
| 650 04 - PUNTO DE ACCESO ADICIONAL DE MATERIA - TÉRMINO DE MATERIA |
| 9 (RLIN) |
1574 |
| Término de materia o nombre geográfico como elemento inicial |
Llibertat d'informació |
| Subdivisión cronológica |
Història |
| 650 04 - PUNTO DE ACCESO ADICIONAL DE MATERIA - TÉRMINO DE MATERIA |
| 9 (RLIN) |
3195 |
| Término de materia o nombre geográfico como elemento inicial |
Drets humans |
| 650 04 - PUNTO DE ACCESO ADICIONAL DE MATERIA - TÉRMINO DE MATERIA |
| 9 (RLIN) |
2737 |
| Término de materia o nombre geográfico como elemento inicial |
Premsa |
| Subdivisión de materia general |
Dret i legislació |
| Subdivisión geográfica |
Espanya |
| 942 ## - ENTRADA DE ELEMENTOS AGREGADOS (KOHA) |
| Fuente de clasificaión o esquema |
|
| Koha [por defecto] tipo de item |
Monografies |